Teoría del caos

Na minha lista:
Detalhes bibliográficos
Autor principal: Monroy Olivares, César (autor)
Formato: Livro
Idioma:espanhol
Publicado em: Bogotá Alfaomega 1998
Colecção:Tecnologías Emergentes de Cómputo, 69
Assuntos:
Tags: Adicionar Tag
Sem tags, seja o primeiro a adicionar uma tag!

MARC

LEADER 00000nam a2200000 a 4500
001 UCO6738
003 CL-VaPUC
005 20231116092821.0
008 001027e19980000CK |||||||||||||||||spa|d
999 |c 292174  |d 292172 
020 |a 958682098X 
040 |c Pontificia Universidad Católica de Valparaíso 
082 0 4 |a 530.1  |b MON  |2 21 
100 |a Monroy Olivares, César  |e autor  |9 475689 
245 1 0 |a Teoría del caos 
260 |a Bogotá  |b Alfaomega  |c 1998 
300 |a 186 p 
490 0 |a Tecnologías Emergentes de Cómputo, 69 
500 |a Incluye disquete con programas ejecutables 
583 |a last modification  |c 20001027 00:00:00  |k Rodrigo Vera 
650 0 |a Teoría del caos  |9 430624 
650 0 |a Sistemas no lineales  |9 362014 
650 7 |a DINAMICA POBLACIONAL  |2 CL-VaPUC  |9 357685 
650 7 |a METEOROLOGIA  |2 CL-VaPUC  |9 260030 
650 0 |a Economía   |9 255568 
650 0 |a Simulación por computador  |9 260988 
942 |c BK  |2 ddc 
945 |d 20001027 00:00:00  |a crobeson 
952 |0 0  |1 0  |4 0  |6 530_100000000000000_MON_1998  |7 0  |8 A  |9 342819  |a BIBCUR  |b BIBCUR  |d 2019-11-20  |i 3912345  |o 530.1 MON 1998  |p 3912345  |r 2025-04-22  |w 2019-11-20  |y BK  |k FIS 
952 |0 0  |1 0  |4 0  |6 530_100000000000000_MON_1998  |7 0  |8 A  |9 342820  |a BIBCUR  |b BIBCUR  |d 2019-11-20  |i 3926230  |l 1  |o 530.1 MON 1998  |p 3926230  |r 2025-04-25  |s 2025-04-25  |w 2019-11-20  |y BK  |k FIS